000 00549nam a2200157Ia 4500
008 100122s9999 xx 000 0 und d
082 _b52598
_a823
100 _aक्लेमंट कॅथेरीन
245 _aएडविना आणि नेहरु
260 _bमेहता पब्लिकेशन हाऊस
_c1996
300 _a432
630 _aएडविना आणि नेहरु
700 _aवाळिंबे वि स
730 _aएडविना आणि नेहरु
942 _cBOOK
999 _c429769
_d429766